000
00215nam a22000857a 4500
008
161228b xxu||||| |||| 00| 0 eng d
100
_9
2222
_a
Gupta.S.P
245
_a
Work Book SST Civics -7
260
_a
New Delhi
_b
APC
_c
2010
999
_c
5110
_d
5110